00679nam a22002057a 450000500170000001000130001702000100003003500130004003700160005304000120006908200150008110000200009624500880011626000410020427000710024530000280031650000510034465000340039565000440042920170124105931.0 aA-899276 c00.00 aA-899276 bCen Lib/Ret aDPLbEN a230.1bBER aBerkson, Carmel aThe divine and demoniac :cby Carmel BerksonbMahisa's heroic struggle with Durga / aDelhibOxford University Pressc1997 aOxford University Press, Great Calrendon StreeetbOxfordeOX2 6DP axiv;318p. :c20cmbill. aIncludes bibliographical references and index. aMahiṣāsura (Hindu deity)  a Mahiṣāsuramardinī (Hindu deity)